000 00678nam a22002417a 4500
005 20241206110355.0
008 241206b ||||| |||| 00| 0 eng d
020 _a9789391155216
040 _cAL
041 _aeng
082 _223
_a658.001
_bGAJM
100 _aGajendra N
_9188180
245 _aManagerial Economics
260 _aBengaluru
_bMPP House
_c2023
300 _a444p.
_bPB
_c23x15cm.
365 _2Law
_a1060
_b474.50
_c
_d650.00
_e
_f28-11-2024
650 _aCost Analysis
_9188181
650 _aMarket Analysis
_9188182
650 _aDemand Analysis
_9188183
650 _aCapital Budgeting
_9188184
700 _aGAJENDRA (N)
_9188185
942 _2ddc
_cBK
999 _c232178
_d232178